| 000 | 00986nam a2200277 a 4500 | ||
|---|---|---|---|
| 005 | 20240423063641.0 | ||
| 008 | 060309s1998 000 eng d | ||
| 020 | _a9701701364 | ||
| 035 | _aUPN01000143464 | ||
| 049 | _aCG | ||
| 050 | 4 |
_aHF5548.8 _bH4.2 1998 |
|
| 100 | 1 | _aHersey, Paul | |
| 245 | 1 | 0 |
_aAdministración del comportamiento organizacional : _bliderazgo situacional / _cPaul Hersey, Kenneth H. Blanchard, Dewey E. Johnson ; tr. José Francisco Javier Dávila Martínez. |
| 250 | _a7a ed. | ||
| 260 |
_aMéxico : _bPearson Educación, _c1998. |
||
| 300 | _axxv, 626 p. | ||
| 534 |
_pTraducción de: _tManagement of organization behavior : utilizing human resorces |
||
| 650 | 4 |
_aPsicología industrial _99354 |
|
| 650 | 2 |
_aAdministración de personal _9487 |
|
| 650 | 4 |
_aLiderazgo _95345 |
|
| 650 | 2 |
_aConducta organizacional _96338 |
|
| 700 | 1 |
_aBlanchard, Kenneth H., _ecoaut. |
|
| 700 | 1 |
_aJohnson, Dewey E., _ecoaut. |
|
| 905 | _aLibro | ||
| 999 |
_c115611 _d115611 |
||